[Event "Moscow Open 2009 B"]
[Site "www.moscowchessopen.ru"]
[Date "2009.02.01"]
[Round "2.169"]
[White "Malov, Lev"]
[Black "Bocharnikov, Oleg"]
[Result "1/2-1/2"]
[WhiteElo "2036"]
[BlackElo "1829"]
[Annotator ""]
[Source ""]
[Remark ""]

1.d4 f5 2.Nc3 Nf6 3.Bg5 e6 4.e4 fxe4 5.Nxe4 Be7 6.Bxf6 Bxf6 7.Nxf6+
Qxf6 8.Nf3 O-O 9.Bd3 Nc6 10.O-O b6 11.c3 Bb7 12.Be4 d5 13.Bd3
e5 14.dxe5 Nxe5 15.Nxe5 Qxe5 16.Qc2 g6 17.Rae1 Qf6 18.Re3 Rae8
19.Rfe1 Qc6 20.f3 Rxe3 21.Rxe3 Re8 22.Qf2 Kf8 23.a3 Qa4 24.Rxe8+
Qxe8 25.Qd2 Kg7 26.Kf2 Qe5 27.f4 Qf6 28.Qe3 c5 29.g3 a5 1/2-1/2

[Event "Moscow Open 2009 B"]
[Site "www.moscowchessopen.ru"]
[Date "2009.02.01"]
[Round "2.170"]
[White "Komov, Sergey"]
[Black "Matsokina, Evgenia"]
[Result "1-0"]
[WhiteElo "1809"]
[BlackElo "2036"]
[Annotator ""]
[Source ""]
[Remark ""]

1.e4 c5 2.Nf3 d6 3.d4 cxd4 4.Nxd4 Nf6 5.Nc3 a6 6.Be2 e6 7.O-O
Be7 8.Be3 Qc7 9.f4 b5 10.a3 Bb7 11.Bf3 Nbd7 12.Nde2 O-O 13.Ng3
Nb6 14.Qe1 d5 15.e5 Nfd7 16.Nge2 Nc4 17.Bc1 Bc5+ 18.Kh1 Qb6 19.Nd1
Rac8 20.Ng3 b4 21.axb4 Bxb4 22.c3 Be7 23.b4 a5 24.bxa5 Nxa5 25.f5
exf5 26.Nxf5 Rfe8 27.Qg3 g6 28.Nh6+ Kg7 29.Bg4 Rc7 30.Rxf7+ Kh8
31.e6 Nf6 32.Be3 Qb5 33.Qf2 Nb3 34.Rxf6 d4 35.Bxd4 Nxd4 36.Qxd4
Bxf6 37.Qxf6+ Rg7 38.Ne3 Qb6 39.Rf1 Qc5 40.Bh3 Ba6 41.c4 Bc8
42.Nd5 Qd6 1-0

[Event "Moscow Open 2009 B"]
[Site "www.moscowchessopen.ru"]
[Date "2009.02.01"]
[Round "2.171"]
[White "Gainullin, Yakov"]
[Black "Kruchinin, Anatoly V"]
[Result "1-0"]
[WhiteElo "2034"]
[BlackElo "1809"]
[Annotator ""]
[Source ""]
[Remark ""]

1.e4 b6 2.d4 Bb7 3.Nc3 e6 4.g3 Nf6 5.Bg2 d5 6.e5 Nfd7 7.f4 c5
8.Nf3 cxd4 9.Nxd4 h5 10.h4 Bc5 11.Be3 Bxd4 12.Bxd4 Bc6 13.a4
a6 14.O-O Qe7 15.f5 Qb4 16.b3 a5 17.fxe6 fxe6 18.Bh3 Qe7 19.Qd3
Rh6 20.Nb5 Bxb5 21.Qxb5 Qb4 22.Qxb4 axb4 23.Rf4 Nc6 24.Re1 Rg6
25.Kh2 Ke7 26.Bf1 Rf8 27.Rxf8 Kxf8 28.Bb2 Nc5 29.Be2 Ne4 30.Bxh5
Rxg3 31.Rxe4 Rc3 32.Bxc3 bxc3 33.Re1 1-0

[Event "Moscow Open 2009 B"]
[Site "www.moscowchessopen.ru"]
[Date "2009.02.01"]
[Round "2.172"]
[White "Mironov, Yury"]
[Black "Lagoda, Vladimir"]
[Result "0-1"]
[WhiteElo "1792"]
[BlackElo "2032"]
[Annotator ""]
[Source ""]
[Remark ""]

1.e4 e5 2.Nf3 Nc6 3.Bb5 f5 4.d3 fxe4 5.dxe4 Nf6 6.O-O Bc5 7.Bg5
d6 8.h3 Be6 9.Nc3 O-O 10.Nd5 Kh8 11.Nxf6 gxf6 12.Bh4 Qe8 13.Kh1
Qg6 14.Bxc6 bxc6 15.Qe2 d5 16.Nd2 Rg8 17.f4 Qh6 18.Nf3 exf4 19.e5
Rge8 20.Bxf6+ Kg8 21.Ng5 Bxh3 22.Nxh3 Qxf6 23.Qg4+ Qg7 24.Qxf4
Rxe5 25.Rae1 Rae8 26.Rxe5 Rxe5 27.Qh4 Be7 28.Qf2 Bd6 29.Rd1 Re4
30.c3 Qe5 31.Kg1 Re2 32.Qf3 Re1+ 33.Rxe1 Qxe1+ 34.Qf1 Bh2+ 0-1

[Event "Moscow Open 2009 B"]
[Site "www.moscowchessopen.ru"]
[Date "2009.02.01"]
[Round "2.173"]
[White "Pylaev, Evgenij"]
[Black "Parakhoni, Anna"]
[Result "0-1"]
[WhiteElo "2032"]
[BlackElo "1793"]
[Annotator ""]
[Source ""]
[Remark ""]

1.e4 d5 2.e5 c5 3.c3 Nc6 4.Bb5 Qb6 5.Qe2 c4 6.Bxc6+ Qxc6 7.Nf3
Bg4 8.O-O e6 9.Re1 Bc5 10.b4 Bb6 11.d3 cxd3 12.Qxd3 a6 13.a4
Bf5 14.Qd1 Bxb1 15.Rxb1 Qxc3 16.b5 Ne7 17.Bd2 Qc7 18.Qb3 O-O
19.Rec1 Qd8 20.bxa6 Rxa6 21.Bb4 Re8 22.Rc2 Nc6 23.Bd6 Na5 24.Qb5
Nc4 25.Nd2 Nxd2 26.Rxd2 Qa8 27.Rdb2 Bd4 28.Rb4 Bc3 29.Rf4 b6
30.Qd7 Ra7 31.Qb5 d4 32.h3 Rxa4 33.Qd7 Ra7 34.Bc7 Rf8 35.Rxb6
Ba5 36.Rb8 Qxb8 37.Bxb8 Rxd7 0-1

[Event "Moscow Open 2009 B"]
[Site "www.moscowchessopen.ru"]
[Date "2009.02.01"]
[Round "2.174"]
[White "Rubanov, Sergey"]
[Black "Remizov, Alexander"]
[Result "0-1"]
[WhiteElo "1788"]
[BlackElo "2032"]
[Annotator ""]
[Source ""]
[Remark ""]

1.e4 c6 2.d4 d5 3.exd5 cxd5 4.Bd3 Nc6 5.c3 Nf6 6.Bf4 e6 7.Nf3
h6 8.O-O Bd6 9.Bxd6 Qxd6 10.Re1 Nd7 11.Nbd2 O-O 12.Re3 e5 13.dxe5
Ndxe5 14.Bc2 Bg4 15.Qe1 Bxf3 16.Nxf3 Nc4 17.Re2 Nxb2 18.Rb1 Nc4
19.Rxb7 N4a5 20.Rb1 Rac8 21.Rd1 Qc5 22.Bf5 Rcd8 23.Nd4 Nc4 24.Nxc6
Qxc6 25.Rd4 Nd6 26.Bc2 Nb5 27.Rd3 d4 28.Ba4 dxc3 29.Bxb5 Qxb5
30.Rxd8 Rxd8 31.Rc2 Qd3 0-1

[Event "Moscow Open 2009 B"]
[Site "www.moscowchessopen.ru"]
[Date "2009.02.01"]
[Round "2.175"]
[White "Piskov, Vladimir"]
[Black "Lavshirbanov, Ruslan"]
[Result "1-0"]
[WhiteElo "2030"]
[BlackElo "1791"]
[Annotator ""]
[Source ""]
[Remark ""]

1.d4 Nf6 2.Bg5 e6 3.e4 Be7 4.Bxf6 Bxf6 5.e5 Be7 6.Qg4 O-O 7.Bd3
d5 8.exd6 Qxd6 9.Nf3 e5 10.Qe4 f5 11.Qxe5 Qd8 12.O-O Nc6 13.Qe3
Re8 14.c3 Bd6 15.Qg5 Ne7 16.Nbd2 h6 17.Qh5 Be6 18.Bc4 Qd7 19.Rfe1
Bd5 20.Ne5 Bxe5 21.Rxe5 Kh7 22.Rae1 Bxc4 23.Nxc4 Ng6 24.R5e3
f4 25.Ne5 Qd6 26.Re4 Re6 27.Qf5 Rf6 28.Qg4 f3 29.g3 Qa6 30.h4
Qxa2 31.Nxg6 Qxb2 32.Re7 Rxg6 33.Qf5 Rf8 34.Qd3 h5 35.R7e6 Rff6
36.Rxf6 gxf6 37.Re7+ 1-0

[Event "Moscow Open 2009 B"]
[Site "www.moscowchessopen.ru"]
[Date "2009.02.01"]
[Round "2.176"]
[White "Alimov, Ravil"]
[Black "Denishev, Marat"]
[Result "0-1"]
[WhiteElo "1776"]
[BlackElo "2028"]
[Annotator ""]
[Source ""]
[Remark ""]

1.e4 c5 2.Nf3 d6 3.d4 cxd4 4.Nxd4 Nf6 5.Nc3 a6 6.Be2 e6 7.f3
Be7 8.O-O b5 9.a4 b4 10.Na2 O-O 11.Nxb4 e5 12.Nd5 exd4 13.Nxe7+
Qxe7 14.Qxd4 Nc6 15.Qf2 Be6 16.Kh1 Qb7 17.Rd1 d5 18.exd5 Nxd5 0-1

[Event "Moscow Open 2009 B"]
[Site "www.moscowchessopen.ru"]
[Date "2009.02.01"]
[Round "2.177"]
[White "Babaev, Mikhail"]
[Black "Tantsov, Peter"]
[Result "1-0"]
[WhiteElo "2023"]
[BlackElo "1762"]
[Annotator ""]
[Source ""]
[Remark ""]

1.d4 d5 2.c3 Nf6 3.Nf3 e6 4.e3 c5 5.Bd3 Nc6 6.Nbd2 Bd6 7.O-O
O-O 8.e4 e5 9.exd5 Nxd5 10.Be4 Be6 11.c4 f5 12.Bxd5 Bxd5 13.cxd5
Nxd4 14.Nxd4 cxd4 15.Nf3 h6 16.Re1 Qf6 17.b3 g5 18.a4 g4 19.Nxd4
exd4 20.Re6 Qd8 21.Qxd4 Re8 22.Bb2 1-0

[Event "Moscow Open 2009 B"]
[Site "www.moscowchessopen.ru"]
[Date "2009.02.01"]
[Round "2.179"]
[White "Orekhovsky, Vasily"]
[Black "Bondarev, Ivan"]
[Result "1/2-1/2"]
[WhiteElo "2016"]
[BlackElo "1759"]
[Annotator ""]
[Source ""]
[Remark ""]

1.e4 c6 2.d4 d5 3.e5 Bf5 4.Nc3 e6 5.g4 Bg6 6.Nge2 c5 7.Be3 Nd7
8.h4 h6 9.h5 Bh7 10.f4 Ne7 11.Bg2 Nc6 12.a3 cxd4 13.Nxd4 Bc5
14.Nce2 Nxd4 15.Bxd4 Bxd4 16.Nxd4 Qc7 17.Qe2 a6 18.O-O O-O 19.Rae1
Rae8 20.c3 Re7 21.Kh1 Rfe8 22.g5 hxg5 23.fxg5 Nc5 24.Qg4 Bd3
25.Rg1 g6 26.h6 Kh7 27.Qg3 Be4 28.Bxe4 Nxe4 1/2-1/2

[Event "Moscow Open 2009 B"]
[Site "www.moscowchessopen.ru"]
[Date "2009.02.01"]
[Round "2.180"]
[White "Khorsun, Vsevolod"]
[Black "Rigovich, Albert"]
[Result "0-1"]
[WhiteElo "1715"]
[BlackElo "2016"]
[Annotator ""]
[Source ""]
[Remark ""]

1.d4 Nf6 2.Nc3 g6 3.e4 d6 4.f3 Bg7 5.Be3 Nc6 6.Qd2 a6 7.g4 h5
8.g5 Nd7 9.h4 e5 10.Nge2 exd4 11.Nxd4 Nde5 12.Be2 O-O 13.O-O-O
Bd7 14.f4 Ng4 15.Bxg4 Bxg4 16.Rdf1 Re8 17.Nxc6 bxc6 18.Bd4 Qd7
19.Bxg7 Kxg7 20.Qd4+ Kg8 21.Rf2 Rab8 22.Rhf1 Qe6 23.f5 gxf5 24.exf5
Qe3+ 25.Qxe3 Rxe3 26.g6 f6 27.Rd2 0-1

[Event "Moscow Open 2009 B"]
[Site "www.moscowchessopen.ru"]
[Date "2009.02.01"]
[Round "2.181"]
[White "Vashchenko, Jurij"]
[Black "Marder, Elena"]
[Result "1-0"]
[WhiteElo "2016"]
[BlackElo "1747"]
[Annotator ""]
[Source ""]
[Remark ""]

1.e4 c5 2.Nf3 d6 3.d4 cxd4 4.Nxd4 Nf6 5.Nc3 a6 6.Bg5 e6 7.f4
Be7 8.Qf3 Nbd7 9.O-O-O Qc7 10.Bd3 Nc5 11.Rhe1 Nxd3+ 12.Rxd3 h6
13.Bh4 Nxe4 14.Bxe7 Nxc3 15.Rxc3 Qxe7 16.Nf5 Qf8 17.Qd3 Kd7 18.Nxd6
Ke7 19.Qc4 Qd8 20.Rd1 Qb6 21.Qc7+ Qxc7 22.Rxc7+ Kf6 23.Nxf7 Rf8
24.Ne5 b5 25.Rd8 1-0

[Event "Moscow Open 2009 B"]
[Site "www.moscowchessopen.ru"]
[Date "2009.02.01"]
[Round "2.182"]
[White "An, Yuriy"]
[Black "Motruk, Oleg"]
[Result "1-0"]
[WhiteElo "2014"]
[BlackElo "1727"]
[Annotator ""]
[Source ""]
[Remark ""]

1.Nf3 g6 2.d4 Bg7 3.e4 d6 4.Bd3 Nd7 5.O-O e5 6.c3 Ngf6 7.Bg5
O-O 8.Qc1 Re8 9.Qc2 h6 10.Bh4 g5 11.Bg3 Nh5 12.Nbd2 Nf4 13.Bxf4
exf4 14.h3 h5 15.Rfe1 g4 16.hxg4 hxg4 17.Nh2 Qh4 18.g3 Qh6 19.gxf4
Qxf4 20.Ndf1 a6 21.Ng3 Qh6 22.Qc1 Qh4 23.Bf1 Bh6 24.Qc2 Bf4 25.Bg2
Kg7 26.Qd3 Rh8 27.Nhf1 Qg5 28.Re2 Nf6 29.a3 Be6 30.Rae1 d5 31.exd5
Nxd5 32.c4 Bxg3 33.fxg3 Nf6 34.Re5 Qh6 35.Rxe6 fxe6 36.Rxe6 c6
37.Ne3 Qg6 38.Be4 Nxe4 39.Rxg6+ 1-0

[Event "Moscow Open 2009 B"]
[Site "www.moscowchessopen.ru"]
[Date "2009.02.01"]
[Round "2.183"]
[White "Raondi, Yan-Martin"]
[Black "Pankov, Gennady"]
[Result "1-0"]
[WhiteElo "1702"]
[BlackElo "2014"]
[Annotator ""]
[Source ""]
[Remark ""]

1.Nf3 d5 2.g3 c6 3.Bg2 h6 4.O-O Bf5 5.d3 Nf6 6.Nbd2 Nbd7 7.Re1
e6 8.e4 dxe4 9.dxe4 Bh7 10.e5 Nd5 11.a3 Bc5 12.Ne4 Bxe4 13.Rxe4
Qb6 14.Re2 a5 15.c4 Ne7 16.Qc2 Ng6 17.Bd2 O-O 18.Rd1 Qc7 19.Bc3
Rad8 20.b4 axb4 21.axb4 Ba7 22.Qa4 Bb8 23.Qa1 Nb6 24.Rxd8 Rxd8
25.Re4 Rd7 26.Bf1 Qd8 27.Rd4 Rxd4 28.Bxd4 Nd7 29.Bd3 Ngf8 30.Qc3
Bc7 31.Ne1 c5 32.bxc5 Ba5 33.Qa1 Bxe1 34.Qxe1 Nxc5 35.Bxc5 Qxd3
36.Bxf8 Kxf8 37.Qb4+ Kg8 38.Qxb7 Qxc4 39.Qb8+ Kh7 40.Qb1+ g6
41.Qb7 Kg7 42.Qe7 Qc1+ 43.Kg2 Qd2 44.Qf6+ Kg8 45.Kg1 Qe1+ 46.Kg2
Qe4+ 47.Kg1 Qf5 48.Qxf5 exf5 49.f4 f6 50.exf6 Kf7 51.Kf2 Kxf6
52.Ke3 g5 53.Kd4 Ke6 54.Kc5 Kf6 55.Kd6 h5 56.h4 gxh4 57.gxh4
Kf7 58.Ke5 Kg6 59.Ke6 Kg7 60.Kxf5 1-0

[Event "Moscow Open 2009 B"]
[Site "www.moscowchessopen.ru"]
[Date "2009.02.01"]
[Round "2.184"]
[White "Yudin, Andrey"]
[Black "Lebedev, Roman"]
[Result "1-0"]
[WhiteElo "2013"]
[BlackElo "1710"]
[Annotator ""]
[Source ""]
[Remark ""]

1.d4 d5 2.c4 c6 3.cxd5 cxd5 4.Nf3 Nf6 5.Nc3 Nc6 6.Bf4 Bf5 7.e3
e6 8.Bd3 Bd6 9.Bg3 Bxg3 10.hxg3 Qb6 11.O-O O-O 12.a3 Rac8 13.b4
Qc7 14.Rc1 Bxd3 15.Qxd3 Qe7 16.Nd2 Nd7 17.f4 f5 18.Kf2 Nf6 19.Rh1
Ng4+ 20.Ke2 Nb8 21.Nf3 Nd7 22.Ne5 Ndxe5 23.dxe5 Rc4 24.Nxd5 Qd8
25.Qxc4 exd5 26.Qc7 1-0

[Event "Moscow Open 2009 B"]
[Site "www.moscowchessopen.ru"]
[Date "2009.02.01"]
[Round "2.185"]
[White "Pak, Alexander"]
[Black "Artjushin, Viktor"]
[Result "1/2-1/2"]
[WhiteElo "1649"]
[BlackElo "2010"]
[Annotator ""]
[Source ""]
[Remark ""]

1.e4 c5 2.Nf3 g6 3.d4 Bg7 4.dxc5 Qa5+ 5.c3 Qxc5 6.Na3 d6 7.Nb5
Qb6 8.Be3 Qd8 9.Bc4 Nc6 10.O-O h6 11.Nbd4 Nf6 12.Qc2 O-O 13.Rad1
Bd7 14.Nxc6 Bxc6 15.e5 Be4 16.Qe2 Ne8 17.Bf4 Bxf3 18.Qxf3 Qc7
19.exd6 Nxd6 20.Bxd6 exd6 21.Bb3 a5 22.Qd5 a4 23.Bc2 Kh7 24.Qxd6
Qxd6 25.Rxd6 a3 26.Rb6 axb2 27.Rxb2 Bxc3 28.Rxb7 Rxa2 29.Bb3
Rb2 30.Rxf7+ Rxf7 31.Bxf7 Bd4 32.g4 Kg7 33.Bd5 g5 34.Kg2 Kf6 1/2-1/2

[Event "Moscow Open 2009 B"]
[Site "www.moscowchessopen.ru"]
[Date "2009.02.01"]
[Round "2.186"]
[White "Martov, Vadim"]
[Black "Makhno, Mikhail"]
[Result "1-0"]
[WhiteElo "2002"]
[BlackElo "1621"]
[Annotator ""]
[Source ""]
[Remark ""]

1.d4 Nf6 2.Nf3 e6 3.c4 b6 4.Nc3 Bb7 5.Bg5 Be7 6.e3 O-O 7.Bd3
h6 8.Bxf6 Bxf6 9.Qc2 Nc6 10.a3 d6 11.Rd1 d5 12.cxd5 exd5 13.O-O
Re8 14.Rc1 Be7 15.Ne2 Bd6 16.Bb5 Re6 17.Bxc6 Bxc6 18.Qxc6 Bxh2+
19.Kxh2 Rxc6 20.Rxc6 Qc8 21.Rfc1 Qa6 22.Nf4 Qb5 23.R1c2 Qa6 24.Ne5
Qf1 25.Nxd5 Kf8 26.Nxc7 Rd8 27.Rd2 Qb1 28.Rcc2 Rd6 29.d5 Qa2
30.e4 Qb3 31.Rc3 Qa4 32.Rc4 Qa5 33.Rdc2 b5 34.R4c3 Qa4 35.b4
f6 36.Nd3 a5 37.Nc5 axb4 38.Nxa4 1-0

[Event "Moscow Open 2009 B"]
[Site "www.moscowchessopen.ru"]
[Date "2009.02.01"]
[Round "2.187"]
[White "Vasiliev, Mikhail"]
[Black "Rakhmatulaev, Konstantin"]
[Result "0-1"]
[WhiteElo "1486"]
[BlackElo "2002"]
[Annotator ""]
[Source ""]
[Remark ""]

1.e4 Nc6 2.Nf3 b6 3.d4 e6 4.Nc3 Bb7 5.a3 g6 6.Be3 Bg7 7.Bd3 d6
8.O-O a6 9.Re1 Qd7 10.Rb1 Nge7 11.d5 Nd8 12.dxe6 Nxe6 13.Qd2
O-O 14.Bh6 Nc6 15.Nd5 Ne5 16.Nxe5 dxe5 17.Bxg7 Kxg7 18.Qe3 f6
19.Rbd1 b5 20.c4 Nd4 21.Nc3 c6 22.cxb5 axb5 23.Ne2 c5 24.Nxd4
exd4 25.Qg3 c4 26.Bf1 d3 27.h4 h5 28.e5 Rae8 29.exf6+ Rxf6 30.Rxe8
Qxe8 31.b3 0-1

[Event "Moscow Open 2009 B"]
[Site "www.moscowchessopen.ru"]
[Date "2009.02.01"]
[Round "2.188"]
[White "Tolmachev, Aleksander"]
[Black "Rodnov, Sergey"]
[Result "1-0"]
[WhiteElo "2002"]
[BlackElo "1512"]
[Annotator ""]
[Source ""]
[Remark ""]

1.d4 Nf6 2.c4 g6 3.e4 d6 4.g3 Bg7 5.Nc3 O-O 6.Bg2 Nbd7 7.Nf3
c5 8.O-O Nb6 9.b3 Bg4 10.Be3 Ne8 11.Qd2 cxd4 12.Nxd4 e5 13.Nc2
Kh8 14.h3 Be6 15.Rad1 Qd7 16.Kh2 Rd8 17.Nb4 f5 18.Nb5 fxe4 19.Nxa7
Nc8 20.Nb5 Nf6 21.Nc3 Bf5 22.Bg5 Rde8 23.Bxf6 Rxf6 24.Nxe4 Bxe4
25.Bxe4 Ne7 26.c5 Nf5 27.c6 Qd8 28.Nd5 Bh6 29.c7 Qa8 30.Qc3 Rff8
31.Bxf5 gxf5 32.Nb6 Qxa2 33.c8Q Rxc8 34.Nxc8 f4 35.g4 Bg7 36.Rd2
Qa6 37.Ra1 e4 38.Qxg7+ Kxg7 39.Rxa6 bxa6 40.Nxd6 1-0

[Event "Moscow Open 2009 B"]
[Site "www.moscowchessopen.ru"]
[Date "2009.02.02"]
[Round "3.1"]
[White "Likhoman, Mikhail"]
[Black "Reshetnikov, Evgeny"]
[Result "1/2-1/2"]
[WhiteElo "2217"]
[BlackElo "2299"]
[Annotator ""]
[Source ""]
[Remark ""]

1.d4 Nf6 2.c4 e6 3.g3 d5 4.Bg2 dxc4 5.Qa4+ Bd7 6.Qxc4 Bc6 7.Nf3
Bd5 8.Qd3 Be4 9.Qb3 Qd5 10.Qxd5 exd5 11.O-O Nc6 12.Be3 Nb4 13.Na3
c6 14.Bf4 Nd7 15.Rfc1 Be7 16.Ne5 Bxg2 17.Kxg2 g5 18.Nxd7 Kxd7
19.Bd2 Rae8 20.Nc2 Nxc2 21.Rxc2 f5 22.a4 Bf6 23.e3 f4 24.Rf1
fxe3 25.fxe3 Be7 26.h3 h5 27.Be1 Bd6 28.Rf7+ Re7 29.Rcf2 Ke8
30.R7f6 Rxe3 31.Rxd6 Rxe1 32.Rg6 Rf8 33.Rxg5 Rxf2+ 34.Kxf2 Rb1
35.Rxh5 Rxb2+ 36.Ke3 Rb3+ 37.Kf4 Rd3 38.g4 Rxd4+ 39.Kf5 Rd1 40.Rh7
Rf1+ 41.Ke6 Re1+ 42.Kf6 Rf1+ 43.Ke6 Re1+ 44.Kf6 1/2-1/2

[Event "Moscow Open 2009 B"]
[Site "www.moscowchessopen.ru"]
[Date "2009.02.02"]
[Round "3.2"]
[White "Nozdrachev, Leonid"]
[Black "Orlov, Oleg"]
[Result "1-0"]
[WhiteElo "2215"]
[BlackElo "2299"]
[Annotator ""]
[Source ""]
[Remark ""]

1.e4 c5 2.Nf3 e6 3.c3 d5 4.exd5 Qxd5 5.Be2 Nf6 6.O-O Be7 7.d4
O-O 8.Ne5 Qd8 9.Bf3 Nbd7 10.Na3 cxd4 11.cxd4 Nb6 12.Nac4 Nbd5
13.Qb3 a5 14.Bg5 a4 15.Qc2 Ra6 16.Rfd1 b5 17.Ne3 Bb7 18.Bxf6
Bxf6 19.Bxd5 Bxd5 20.Qc5 Be4 21.Qxb5 Rb6 22.Qxa4 Rxb2 23.Nd7
Bg5 24.Nc4 Re2 25.Nxf8 Bxg2 26.Re1 Bh3 27.Qa3 Be3 28.Nxe3 Qg5+
29.Kh1 Rxe3 30.Qa8 Ra3 31.Nxe6+ Rxa8 32.Nxg5 1-0

[Event "Moscow Open 2009 B"]
[Site "www.moscowchessopen.ru"]
[Date "2009.02.02"]
[Round "3.3"]
[White "Benza, Artem"]
[Black "Simonian, Tigran"]
[Result "0-1"]
[WhiteElo "2298"]
[BlackElo "2207"]
[Annotator ""]
[Source ""]
[Remark ""]

1.d4 d5 2.Nf3 Nf6 3.c3 Bf5 4.Nh4 Bxb1 5.Rxb1 e6 6.g3 c5 7.dxc5
Bxc5 8.Bg2 Nc6 9.O-O O-O 10.b3 Qe7 11.Bb2 Rfd8 12.e3 a5 13.a4
Rac8 14.Qe2 Qc7 15.Nf3 Qb6 16.Nd2 e5 17.Rfd1 Re8 18.g4 h6 19.Ba1
Rcd8 20.h4 d4 21.Nc4 Qc7 22.g5 hxg5 23.hxg5 Nd5 24.cxd4 exd4
25.Qg4 dxe3 26.Nxe3 Nxe3 27.fxe3 Rxe3 28.Kh1 Rde8 29.g6 Ne5 30.Qf4
Qc8 31.Bxe5 R8xe5 32.Qh4 Bb6 33.Qh7+ Kf8 34.Qh8+ Ke7 35.Qxc8
Rh5+ 36.Bh3 Rhxh3+ 37.Kg2 Reg3+ 38.Kf1 Rg1+ 39.Ke2 Rg2+ 40.Kf1
Rf2+ 41.Kg1 Rc2+ 0-1

[Event "Moscow Open 2009 B"]
[Site "www.moscowchessopen.ru"]
[Date "2009.02.02"]
[Round "3.4"]
[White "Bujakevich, Aleksandr"]
[Black "Dibrov, Ilya"]
[Result "1/2-1/2"]
[WhiteElo "2213"]
[BlackElo "2298"]
[Annotator ""]
[Source ""]
[Remark ""]

1.e4 c6 2.d4 g6 3.c4 Bg7 4.Nc3 d6 5.Be3 Nf6 6.f3 O-O 7.Bd3 e5
8.Nge2 a6 9.Qd2 exd4 10.Bxd4 b5 11.O-O Nbd7 12.Rad1 Qe7 13.b3
Ne5 14.Ng3 Nxd3 15.Qxd3 Bb7 16.Rfe1 Qc7 17.c5 dxc5 18.Bxc5 Rfd8
19.Qe3 Qe5 20.f4 Qe8 21.e5 Nd5 22.Nxd5 cxd5 23.f5 d4 24.Bxd4
Qc6 25.Re2 Re8 26.e6 Rad8 27.exf7+ Kxf7 28.fxg6+ hxg6 29.Qf2+
Kg8 30.Rxe8+ Qxe8 31.Re1 Qf8 32.Bxg7 Qxg7 33.Qe3 Qd4 34.Qxd4
Rxd4 35.Re2 Kf7 36.Kf2 a5 37.Ke3 Rh4 38.h3 a4 39.Rc2 Bd5 40.Rc3
Bxg2 1/2-1/2

[Event "Moscow Open 2009 B"]
[Site "www.moscowchessopen.ru"]
[Date "2009.02.02"]
[Round "3.5"]
[White "Kutuzov, Denis"]
[Black "Kurukin, Dmitry"]
[Result "1-0"]
[WhiteElo "2298"]
[BlackElo "2202"]
[Annotator ""]
[Source ""]
[Remark ""]

1.e4 e5 2.Bc4 Nf6 3.Nc3 Nxe4 4.Qh5 Nd6 5.Bb3 Nc6 6.Nb5 g6 7.Qf3
f5 8.Qd5 Qe7 9.Nxc7+ Kd8 10.Nxa8 b6 11.Nxb6 axb6 12.d3 Bb7 13.Qf3
Nd4 14.Qh3 f4 15.Bd2 h5 16.O-O-O g5 17.f3 Qf6 18.g4 hxg4 19.Qxg4
Rh4 20.Qg2 g4 21.Rf1 N6f5 22.c3 gxf3 23.Nxf3 Nxf3 24.Rxf3 Rh8
25.Re1 Nh4 26.Rxf4 Nxg2 27.Rxf6 Nxe1 28.Bxe1 Bh6+ 29.Kb1 Bg5
30.Rxb6 Kc7 31.Rg6 Be3 32.Bg3 d6 33.Rg7+ Kb6 34.Rd7 Rf8 35.Rxd6+
Kc5 36.Bxe5 Rf1+ 37.Bd1 Rxd1+ 38.Kc2 Rc1+ 39.Kb3 Bf3 40.Ka4 Bc6+
41.Ka5 Ra1 42.b4# 1-0

[Event "Moscow Open 2009 B"]
[Site "www.moscowchessopen.ru"]
[Date "2009.02.02"]
[Round "3.6"]
[White "Demidov, Alexandr"]
[Black "Kachar, Vladimir"]
[Result "1/2-1/2"]
[WhiteElo "2209"]
[BlackElo "2295"]
[Annotator ""]
[Source ""]
[Remark ""]

1.e4 c5 2.c3 d5 3.exd5 Qxd5 4.Nf3 g6 5.Na3 Bg7 6.Bc4 Qe4+ 7.Be2
Nf6 8.O-O O-O 9.d4 cxd4 10.Nxd4 e5 11.Bf3 Qh4 12.g3 Qh3 13.Bg2
Qd7 14.Ndb5 Nc6 15.Be3 Rd8 16.Qxd7 Bxd7 17.Rfd1 Bf8 18.Nc4 Ne8
19.Bxc6 Bxc6 20.Nxa7 Rxd1+ 21.Rxd1 Bf3 22.Rd2 f6 23.Rd7 Rb8 24.a4
Bg4 25.Rd2 Be6 26.Nb6 Nd6 27.f3 Kf7 28.Nb5 Nxb5 29.axb5 Be7 30.c4
Rd8 31.Nd5 Bxd5 32.cxd5 Bd6 33.Rc2 Ra8 34.b6 Ke8 35.Bc5 Bb8 36.Rc4
Ra1+ 37.Kg2 Rd1 38.Rh4 h5 39.g4 Kf7 40.gxh5 g5 41.Ra4 Rxd5 42.Ra8
Rd8 43.h6 Kg6 44.Kh3 f5 45.Be7 Rd7 46.h7 Kxh7 47.Bxg5 Bd6 48.Rd8
Rxd8 49.Bxd8 Bc5 50.Bf6 Bd6 51.Bd8 Bc5 52.Bf6 Bd6 1/2-1/2

[Event "Moscow Open 2009 B"]
[Site "www.moscowchessopen.ru"]
[Date "2009.02.02"]
[Round "3.7"]
[White "Kovtunenko, Alexandr"]
[Black "Manukyan, Sargis V"]
[Result "0-1"]
[WhiteElo "2294"]
[BlackElo "2198"]
[Annotator ""]
[Source ""]
[Remark ""]

1.e4 e6 2.d4 d5 3.Nc3 Bb4 4.e5 Ne7 5.a3 Bxc3+ 6.bxc3 c5 7.Qg4
O-O 8.Bd3 Nbc6 9.Qh5 Ng6 10.Nf3 Qc7 11.O-O c4 12.Be2 b5 13.a4
bxa4 14.Ng5 h6 15.Nh3 Nce7 16.g4 f6 17.exf6 Rxf6 18.f4 Bd7 19.f5
exf5 20.g5 hxg5 21.Bxg5 Re6 22.Bd2 Nf8 23.Bf3 Qa5 24.Rfe1 Rxe1+
25.Bxe1 Neg6 26.Ng5 Re8 27.Bg3 Bc6 28.Bd6 Qxc3 29.Rf1 Qxd4+ 30.Kh1
Qf6 31.Bc5 Nf4 32.Qh4 N4e6 33.Bxf8 Qxg5 34.Qe1 Nxf8 35.Qa5 Qd8
36.Qc5 Ba8 37.Qd4 Ne6 38.Qxa7 d4 39.Qxa4 Bxf3+ 40.Rxf3 Qa8 0-1

[Event "Moscow Open 2009 B"]
[Site "www.moscowchessopen.ru"]
[Date "2009.02.02"]
[Round "3.8"]
[White "Anarkulov, A"]
[Black "Krivonos, Nikolay"]
[Result "0-1"]
[WhiteElo "2202"]
[BlackElo "2294"]
[Annotator ""]
[Source ""]
[Remark ""]

1.e4 d5 2.exd5 Qxd5 3.Nc3 Qa5 4.Nf3 Nf6 5.d4 c6 6.Be2 Bf5 7.O-O
e6 8.Bf4 Nbd7 9.a3 Be7 10.Nh4 Bg6 11.b4 Qd8 12.Nxg6 hxg6 13.Qd3
a6 14.Rfe1 Nb6 15.Ne4 Nxe4 16.Qxe4 Bd6 17.Be5 Bxe5 18.Qxe5 Nd7
19.Qe3 Qh4 20.h3 Rd8 21.c4 O-O 22.Bf3 Rfe8 23.Rad1 Nf6 24.a4
Rd7 25.Rd3 Red8 26.Red1 Rd6 27.Qe5 R6d7 28.Kf1 Ne8 29.b5 cxb5
30.cxb5 Nf6 31.Rc3 Nd5 32.Rc5 axb5 33.axb5 Kh7 34.Kg1 Qf6 35.Rdc1
Qe7 36.Rc8 Rd6 37.R1c5 Rxc8 38.Rxc8 Qd7 39.Rf8 Rb6 40.Qb8 g5
41.Rh8+ Kg6 42.Qe5 Nf6 43.h4 gxh4 44.Rxh4 Rxb5 45.Qg3+ Rg5 46.Qf4
Nd5 47.Qe4+ f5 48.Qe5 Nf6 49.Qb8 b5 50.Qb6 Nd5 51.Qc5 Nf6 52.Bc6
Qd8 53.Qxb5 Nd5 54.Be8+ Kf6 55.Rh8 Qe7 56.Qb8 f4 57.Bh5 g6 58.Bf3
Rf5 59.Rf8+ Kg5 0-1

[Event "Moscow Open 2009 B"]
[Site "www.moscowchessopen.ru"]
[Date "2009.02.02"]
[Round "3.9"]
[White "Spichkin, Alexander"]
[Black "Yuferev, Oleg"]
[Result "0-1"]
[WhiteElo "2201"]
[BlackElo "2293"]
[Annotator ""]
[Source ""]
[Remark ""]

1.e4 c5 2.c3 Nf6 3.e5 Nd5 4.d4 cxd4 5.Nf3 e6 6.cxd4 d6 7.Nc3
Nxc3 8.bxc3 Nc6 9.Bd3 dxe5 10.dxe5 Qa5 11.O-O Nxe5 12.Nxe5 Qxe5
13.Qb3 Bd6 14.Bb5+ Ke7 15.g3 a6 16.Bd3 Rd8 17.Be3 Bc5 18.Bf4
Qd5 19.Qxd5 exd5 20.Rfe1+ Kf8 21.Bxh7 Be6 22.Bd3 Rac8 23.a4 Bd6
24.Bd2 Be7 25.Rab1 Rd7 26.f4 Rdc7 27.a5 Bf6 28.Bf1 Bf5 29.Rb3
Bc2 30.Rb4 Be4 31.Bg2 Be7 32.Rb3 Bc5+ 33.Be3 Bxe3+ 34.Rxe3 f5
35.g4 d4 36.Bxe4 dxe3 37.Bxf5 Rxc3 38.Bxc8 Rxb3 39.Kg2 b6 40.axb6
Rxb6 41.Kf3 a5 42.Bd7 Ke7 43.Ba4 Rb4 0-1

[Event "Moscow Open 2009 B"]
[Site "www.moscowchessopen.ru"]
[Date "2009.02.02"]
[Round "3.10"]
[White "Kuznetsov, Mikhail V"]
[Black "Artamonov, Valery"]
[Result "0-1"]
[WhiteElo "2196"]
[BlackElo "2289"]
[Annotator ""]
[Source ""]
[Remark ""]

1.d4 Nf6 2.Nf3 c5 3.d5 b5 4.e4 Nxe4 5.Be2 g6 6.O-O Bg7 7.Bxb5
O-O 8.Re1 Nd6 9.Ba4 Na6 10.Bg5 Re8 11.c3 h6 12.Bf4 Nc7 13.Qd2
Nc4 14.Qc1 g5 15.Bxg5 hxg5 16.Qxg5 e6 17.Qh5 Qf6 18.dxe6 Rxe6
19.Qxc5 Rxe1+ 20.Nxe1 Qe5 21.Qxe5 Bxe5 22.Nd3 Bg7 23.Bb3 d5 24.Bxc4
dxc4 25.Nb4 a5 26.Nc6 Bd7 27.Nd4 Bxd4 28.cxd4 Rb8 29.Nd2 Be6
30.b3 c3 31.Ne4 Nb5 32.Rc1 Rc8 33.f3 Nxd4 0-1

[Event "Moscow Open 2009 B"]
[Site "www.moscowchessopen.ru"]
[Date "2009.02.02"]
[Round "3.11"]
[White "Timofeev, Vladimir F"]
[Black "Uraev, Ivan"]
[Result "1-0"]
[WhiteElo "2288"]
[BlackElo "2194"]
[Annotator ""]
[Source ""]
[Remark ""]

1.e4 c5 2.Nf3 e6 3.Nc3 a6 4.d4 cxd4 5.Nxd4 Qc7 6.Be2 Nf6 7.O-O
Be7 8.f4 d6 9.Kh1 Nc6 10.Be3 O-O 11.Qe1 Bd7 12.Qg3 b5 13.a3 Rab8
14.Bd3 Nxd4 15.Bxd4 b4 16.e5 Nh5 17.Qh3 g6 18.Ne4 Nxf4 19.exd6
Qxd6 20.Qe3 Qd5 21.Bf6 Bd6 22.Rxf4 bxa3 23.bxa3 Rfc8 24.Nxd6
Qxd6 25.Rd4 Qb6 26.Qh6 Qb1+ 27.Bf1 1-0